000
00470nam a2200145Ia 4500
008
100122s9999 xx 000 0 und d
082
_b
59988
_a
396
100
_a
गोऱ्हे नीलम
245
_a
नव्या शतकासाठी
260
_b
स्त्री आधार केंद्र
_c
2001
300
_a
157
630
_a
नव्या शतकासाठी
730
_a
नव्या शतकासाठी
942
_c
BOOK
999
_c
435269
_d
435266